000 00455nam a2200169Ia 4500
008 090711s9999 xx 000 0 und d
082 _b45359
100 _aSाव्हाण बियन
245 _aमरणगाथा
260 _c1982
300 _a180
600 _aSाव्हाण बियन
630 _aमरणगाथा
700 _aSाव्हाण बियन
730 _aमरणगाथा
942 _cBOOK
999 _c297775
_d297775